Caracterización ambiental de la zona que comprende los municipios de Mecetas, La Uribe, La Macarena, Vista Hermosa y San Vicente del Caguán y sus municipios aledaños (Registro nro. 4733)

Detalles MARC
000 -CABECERA
Campo de control 00935nam a2200253 a 4500
005 - FECHA Y HORA DE LA ULTIMA TRANSACCION
Campo de control 20200104041552.0
008 - ELEMENTOS DE LONGITUD FIJA—INFORMACION GENERAL
Campo de control 140317b1998 ck ||||| |||| 00| 0 spa d
040 ## - FUENTE DE CATALOGACIÓN
Agencia catalogadora original CO-BoIAVH
Agencia transcriptora CO-BoIAVH
041 ## - IDIOMA
Código de idioma para texto/pista de sonido o título separado Español
044 ## - PAÍS DE PUBLICACIÓN
País de publicación Colombia
090 ## - CLASIFICACIÓN LOCAL
Colección LB
Consecutivo 04224
110 ## - ASIENTO PRINCIPAL--NOMBRE CORPORATIVO
Nombre corporativo o de jurisdicción como elemento de entrada Colombia
Unidad subordinad Ministerio del Medio Ambiente
245 ## - MENCION DE TITULO
Título Caracterización ambiental de la zona que comprende los municipios de Mecetas, La Uribe, La Macarena, Vista Hermosa y San Vicente del Caguán y sus municipios aledaños
Parte restante del título zona de despeje para la reconciliación nacional
260 ## - PUBLICACION, DISTRIBUCION, ETC. (PIE DE IMPRENTA)
Lugar de publicación, distribución, etc. Bogotá
Nombre del editor, distribuidor, etc. Minambiente
-- IDEAM
Fecha de publicación, distribución, etc. 1998
300 ## - DESCRIPCION FISICA
Extensión 95 paginas
650 ## - ASIENTO SECUNDARIO DE MATERIA - TERMINO TEMATICO
Término temático o nombre geográfico como elemento de entrada Climatologia
650 ## - ASIENTO SECUNDARIO DE MATERIA - TERMINO TEMATICO
Término temático o nombre geográfico como elemento de entrada Recursos Hidricos
650 ## - ASIENTO SECUNDARIO DE MATERIA - TERMINO TEMATICO
Término temático o nombre geográfico como elemento de entrada Ecosistemas
650 ## - ASIENTO SECUNDARIO DE MATERIA - TERMINO TEMATICO
Término temático o nombre geográfico como elemento de entrada Cobertura Vegetal
662 ## - ASIENTO SECUNDARIO DE MATERIA - JERARQUIA DEL NOMBRE DE LUGAR(
País o entidad mayor Colombia
Jurisdicción política de primer orden Meta
710 ## - ASIENTO SECUNDARIO - NOMBRE CORPORATIVO
Nombre corporativo o de jurisdicción como elemento de entrada Instituto de Hidrología, Meteorología y Estudios Ambientales
942 ## - ELEMENTOS ADICIONALES (KOHA)
Tipo de ítem Informe Técnico
Sistema de clasificación Local
945 ## - PROCESAMIENTO LOCAL
AAAA-MM-DD - Fecha de ingreso o modificacion 2005-07-28
Existencias
Withdrawn status Lost status Sistema de Clasificación Damaged status No para préstamo Colección Inventariado Ubicación Permanente Ubicación actual Fecha de adquisición Fuente de Valor Total Checkouts Total Renewals Número topográfico Inventario / Código de Barras Date last seen Date checked out Ejemplar Price effective from Forma de adquisición Tipo de material
    Local     General Inventariado 2017 Bogotá Bogotá 28/07/2005 IDEAM 2 1 LB-04224 019502 09/03/2018 23/02/2018 Ej. 1 04/12/2012   Informe Técnico